Ornithological monographs (Registro nro. 17031)

Detalles MARC
000 -CABECERA
Campo de control 00765cas a2200205 a 4500
005 - FECHA Y HORA DE LA ULTIMA TRANSACCION
Campo de control 20180704093423.0
008 - ELEMENTOS DE LONGITUD FIJA—INFORMACION GENERAL
Campo de control 750701d19642014dcu x m 0 a0eng c
022 0# - ISSN
ISSN 0078-6594
Fuente 1
040 ## - FUENTE DE CATALOGACIÓN
Agencia catalogadora original UDI
Agencia transcriptora UDI
Agencia Modificadora NSD
-- YUS
-- NSD
-- MUL
-- OCL
-- DLC
-- NST
-- DLC
-- NST
-- IUL
-- SYS
-- DLC
-- OCLCQ
-- NLGGC
-- DLC
-- NSD
-- EYM
-- OCLCQ
-- HEBIS
-- GBVCP
-- AU@
-- OCLCQ
-- DEBSZ
-- OCLCQ
-- UMC
-- CUS
-- OCLCF
-- CO-BoIAVH
041 0# - IDIOMA
Código de idioma para texto/pista de sonido o título separado Español
044 ## - PAÍS DE PUBLICACIÓN
País de publicación Estados Unidos
090 ## - CLASIFICACIÓN LOCAL
Colección SE
245 00 - MENCION DE TITULO
Título Ornithological monographs
260 ## - PUBLICACION, DISTRIBUCION, ETC. (PIE DE IMPRENTA)
Lugar de publicación, distribución, etc. [Washington, D.C.] :
Nombre del editor, distribuidor, etc. American Ornithologists' Union
Fecha de publicación, distribución, etc. .
300 ## - DESCRIPCION FISICA
Otros detalles físicos ilustraciones ;
Dimensiones 25 cm
504 ## - NOTA DE BIBLIOGRAFIA, ETC.
Nota de bibliografía Incluye referencias bibliográficas.
650 26 - ASIENTO SECUNDARIO DE MATERIA - TERMINO TEMATICO
Término temático o nombre geográfico como elemento de entrada Ornitología
Subdivisión de forma Publicaciones periódicas
9 (RLIN) 91685
710 2# - ASIENTO SECUNDARIO - NOMBRE CORPORATIVO
Nombre corporativo o de jurisdicción como elemento de entrada American Ornithologists' Union
9 (RLIN) 81677
942 ## - ELEMENTOS ADICIONALES (KOHA)
Sistema de clasificación Local
Tipo de ítem Periodica o revista
Existencias
Withdrawn status Lost status Sistema de Clasificación Damaged status No para préstamo Colección Fecha publicación (Año) Número revista Inventariado Ubicación Permanente Ubicación actual Fecha de adquisición Fuente de adquisición Datos de publicación Seriada Total Checkouts Número topográfico Inventario / Código de Barras Date last seen Ejemplar Price effective from Forma de adquisición Tipo de material
    Local     Hemeroteca 2004 56 Inventariado 2017 Bogotá Bogotá 22/09/2005 Brown, Jerram L. Número 56 (27/10/2004)   SE 021976 25/03/2015 Ej. 1 25/03/2015 Donación Periodica o revista
    Local     Hemeroteca 2004 54 Inventariado 2017 Bogotá Bogotá 22/09/2005 Brown, Jerram L. Número 54 (30/01/2004)   SE 021975 25/03/2015 Ej. 1 25/03/2015 Donación Periodica o revista
    Local     Hemeroteca 1976 21 Inventariado 2017 Bogotá Bogotá 22/09/2005 Brown, Jerram L. Número 21 (11/08/1976)   SE 021974 25/03/2015 Ej. 1 25/03/2015 Donación Periodica o revista
    Local     Hemeroteca 1969 8 Inventariado 2017 Bogotá Bogotá 22/09/2005 Brown, Jerram L. Número 8 (26/06/1969)   SE 021973 25/03/2015 Ej. 1 25/03/2015 Donación Periodica o revista
    Local     Hemeroteca 1966 4 Inventariado 2017 Bogotá Bogotá 22/09/2005 Brown, Jerram L. Numero 4 (27/07/1966)   SE 021972 25/03/2015 Ej. 1 25/03/2015 Donación Periodica o revista
    Local     Hemeroteca 1965 2 Inventariado 2017 Bogotá Bogotá 22/09/2005 Brown, Jerram L. Número 2 (01/07/1965)   SE 021971 25/03/2015 Ej. 1 25/03/2015 Donación Periodica o revista
    Local     Hemeroteca 1973 13 Inventariado 2017 Bogotá Bogotá 20/03/2001 Desconocido Número 13 (10/07/1973)   SE 008430 25/03/2015 Ej. 1 25/03/2015 Donación Periodica o revista
    Local     Hemeroteca 1969 9 Inventariado 2017 Bogotá Bogotá 01/02/2006   Número 9 (18/12/1969)   SE 023008 25/03/2015 Ej. 1 25/03/2015 Donación Periodica o revista